Silicons: An introduction to their chemistry and applications (Record no. 22453)

MARC details
000 -LEADER
fixed length control field 00375nam a2200133Ia 4500
082 ## - DEWEY DECIMAL CLASSIFICATION NUMBER
Classification number 678.842
Item number FRE
100 ## - MAIN ENTRY--AUTHOR NAME
Personal name Freeman, G G
245 #0 - TITLE STATEMENT
Title Silicons: An introduction to their chemistry and applications
260 ## - PUBLICATION, DISTRIBUTION, ETC. (IMPRINT)
Place of publication London
Name of publisher Plastics Inst
Year of publication 1962
650 ## - SUBJECT ADDED ENTRY--TOPICAL TERM
Topical Term Silicone elastomers
650 ## - SUBJECT ADDED ENTRY--TOPICAL TERM
Topical Term Silicone resins
942 ## - ADDED ENTRY ELEMENTS (KOHA)
Koha item type Books
Holdings
Withdrawn status Lost status Damaged status Not for loan Home library Current library Date acquired Cost, normal purchase price Full call number Accession Number Koha item type
        RRII Library RRII Library 16/12/2021 28.00 678.842 FRE 03173 Books